Animaux dans les stations de métro parisien - Statistiques

Statistiques générales
  • Ce quiz a été pris 61 fois
  • Le résultat moyen est 3 sur 12
Statistiques - réponses
Par images Réponse % Correct
Mouton Duvernet
70%
Marcadet Poissonniers
68%
Gare de Lyon
63%
Chevaleret
36%
Iéna
25%
Lamarck Caulaincourt
18%
Cardinal Lemoine
11%
Cour Saint-Emilion / Strasbourg Saint-Denis
9%
Havre Caumartin
5%
Barbara
2%
Lamarck Caulaincourt
0%
Richelieu Drouot
0%
Aucun quiz correspondant
Distribution des résultats
% des personnes avec chaque résultat
Percentile par nombre de réponses
Votre historique - résultats
Vous n’avez pas pris ce quiz